[Event "Challenge"]
[Site "http://www.queenalice.com/game.php?id=19532"]
[Date "2005.7.14"]
[Round "-"]
[White "Edgar"]
[Black "zabarteus"]
[Result "0-1"]
[WhiteElo "1251"]
[BlackElo "1100"]

1. e4 e6 2. e5 d5 3. d4 Bb4+ 4. Nc3 c5 5. dxc5 Bxc5 6. Nf3 Nc6 7. Nb5 Nge7 8.
Qd3 Nb4 9. Qc3 Qb6 10. a3 Nbc6 11. Be3 Bxe3 12. fxe3 O-O 13. O-O-O Ng6 14. g3 a6
15. Nbd4 Ncxe5 16. Nxe5 Nxe5 17. h3 Bd7 18. b3 a5 19. a4 Rfc8 20. Qb2 Rc7 21.
Qa3 Rac8 22. Rh2 Rc3 23. Rhd2 Rxe3 24. g4 Nf3 25. Nxf3 Rxf3 26. Kb1 g6 27. Bg2
Rf4 28. Ka2 Rf2 29. Qb2 Qe3 30. Qc1 Rc3 31. Rxf2 Qxf2 32. Rd2 Qe3 33. Bf1 Qg1
34. Kb2 Rf3 35. Be2 Qxc1+ 36. Kxc1 Rxh3 37. Kb2 Bc6 38. Ka3 Rg3 39. Kb2 f5 40.
gxf5 gxf5 41. Rd1 Kg7 42. Rh1 d4 43. Bd3 Bxh1 44. Bc4 e5 45. Kc1 Rg2 46. Bd3 f4
47. Kd1 Rg1+ 48. Kd2 Bc6 49. c4 e4 50. Be2 f3 51. Bd1 h5 52. c5 h4 53. Bc2 f2
0-1

[Event "Challenge"]
[Site "http://www.queenalice.com/game.php?id=19737"]
[Date "2005.7.15"]
[Round "-"]
[White "Rookpig"]
[Black "zabarteus"]
[Result "1-0"]
[WhiteElo "1605"]
[BlackElo "1445"]

1. e4 e6 2. d4 d5 3. Nc3 Bb4 4. Qd3 Nf6 5. e5 Ne4 6. a3 Bxc3+ 7. bxc3 Nc6 8. Ne2
Qh4 9. g3 Qe7 10. f3 Ng5 11. h4 Nxf3+ 12. Qxf3 O-O 13. Bg5 f6 14. exf6 gxf6 15.
Bh6 Rf7 16. Bh3 e5 17. Bxc8 Rxc8 18. Qg4+ Kh8 19. Qxc8+ Qd8 20. Qxd8+ Nxd8 21.
dxe5 fxe5 22. Rf1 c5 23. Rxf7 Nxf7 24. Be3 h5 25. Bxc5 b6 26. Be3 Kg7 27. Rd1 d4
28. cxd4 exd4 29. Rxd4 Kf6 30. Nf4 Ne5 31. Nxh5+ Kg6 32. Rd6+ Kf5 33. Ke2 Nc4
34. g4+ Kxg4 35. Rd4+ Kxh5 36. Rxc4 1-0

[Event "Challenge"]
[Site "http://www.queenalice.com/game.php?id=21608"]
[Date "2005.7.27"]
[Round "-"]
[White "dlabedz"]
[Black "zabarteus"]
[Result "0-1"]
[WhiteElo "1184"]
[BlackElo "1376"]

1. d4 d5 2. Nc3 Nf6 3. Nf3 g6 4. h3 Bg7 5. g4 O-O 6. Qd3 Re8 7. Bd2 Be6 8. g5
Bf5 9. Qe3 Bxc2 10. Bg2 c6 11. O-O Nh5 12. Ne5 Bxe5 13. Qxe5 Nd7 14. Qe3 e6 15.
Rac1 Bf5 16. f4 Qb6 17. b3 a5 18. Na4 Qc7 19. Qc3 b6 20. Rf3 Be4 21. Re3 Bxg2
22. Kxg2 Qxf4 23. Rf3 Qe4 24. Rf1 Qxe2+ 25. R1f2 Qe4 26. Be3 f5 27. Qxc6 Red8
28. Nxb6 Ra6 29. Qd6 Rxb6 30. Qe7 Rf8 31. Qxd7 f4 32. Bc1 Qxd4 33. Ba3 Rf5 34.
Qe8+ Kg7 35. Qe7+ Rf7 36. Qe8 e5 37. Bb2 Qe4 38. Bxe5+ Nf6 39. Kg1 Qf5 40. Bb2
Qxg5+ 41. Rg2 Qh4 42. Rg4 Qh6 43. Rfxf4 g5 44. Rf5 Kg6 45. h4 Nxe8 46. Rxd5 Rf5
47. Rd8 Qf8 48. Bd4 Rd6 49. Rxd6+ Nxd6 50. Be3 h6 51. Bb6 Qa8 52. Be3 Qf3 53.
Bxg5 Qf1+ 54. Kh2 Rf2+ 0-1

[Event "AUTO-OPEN-129"]
[Site "http://www.queenalice.com/game.php?id=24747"]
[Date "2005.8.19"]
[Round "1"]
[White "zabarteus"]
[Black "edwin"]
[Result "1/2-1/2"]
[WhiteElo "1437"]
[BlackElo "1842"]

1. d4 d5 2. c4 Nf6 3. Nc3 e6 4. e3 Bb4 5. Bd2 O-O 6. Bd3 Nc6 7. Nf3 dxc4 8. Bxc4
a6 9. O-O b5 10. Bd3 Be7 11. e4 Nxd4 12. e5 Ng4 13. Be4 c6 14. Be3 Nxf3+ 15.
Qxf3 Nxe5 16. Qg3 Qc7 17. Bh6 Bf6 18. Bf4 b4 19. Bxh7+ Kxh7 20. Ne4 Rd8 21.
Nxf6+ gxf6 22. Qh4+ Kg8 23. Qxf6 Rd5 24. Bh6 Nf3+ 25. gxf3 Qe5 26. Qh4 Qd4 27.
Qg3+ Kh7 28. Be3 Qxb2 29. Rfd1 Qg7 30. Rac1 Bd7 31. f4 Rg8 32. Qxg7+ Rxg7+ 33.
Kf1 a5 34. Rxd5 exd5 35. Bd4 Rg4 36. Be3 Rg8 37. Bb6 1/2-1/2

[Event "AUTO-OPEN-129"]
[Site "http://www.queenalice.com/game.php?id=24748"]
[Date "2005.8.19"]
[Round "1"]
[White "edwin"]
[Black "zabarteus"]
[Result "1-0"]
[WhiteElo "1810"]
[BlackElo "1439"]

1. e4 e6 2. Bc4 d5 3. exd5 exd5 4. Bb5+ Nc6 5. d4 Bd7 6. Nf3 Nf6 7. Bg5 Qe7+ 8.
Qe2 O-O-O 9. Nc3 Nb4 10. O-O a6 11. Bxd7+ Qxd7 12. a3 Nc6 13. Ne5 Nxe5 14. dxe5
Qf5 15. Bxf6 gxf6 16. exf6 Rg8 17. Rad1 c6 18. Rd3 Bd6 19. Qf3 Qxf3 20. Rxf3
Rde8 21. Rh3 Rh8 22. Rf3 h5 23. Na4 Rh6 24. g3 Be5 25. Re1 Re6 26. Nc5 Rd6 27.
Rxe5 Kc7 28. Re7+ Kb6 29. Rc3 d4 30. Rxb7+ Ka5 31. b4# 1-0

[Event "AUTO-OPEN-129"]
[Site "http://www.queenalice.com/game.php?id=24749"]
[Date "2005.8.19"]
[Round "1"]
[White "zabarteus"]
[Black "ayrton"]
[Result "0-1"]
[WhiteElo "1520"]
[BlackElo "1726"]

1. d4 d5 2. c4 c6 3. Nc3 Bf5 4. e3 e6 5. h3 h5 6. Nf3 Bb4 7. Bd2 f6 8. Nh4 Ne7
9. Be2 g6 10. O-O Qd6 11. c5 Qc7 12. g4 hxg4 13. Ng2 Rxh3 14. f3 Qh2+ 15. Kf2
g3+ 16. Ke1 Qxg2 17. Bc1 Bxc3+ 18. bxc3 Rh1 19. Kd2 Rxf1 20. Qxf1 Qxf1 21. Bxf1
Nd7 22. Bg2 Kf7 23. Ba3 Rh8 24. Rg1 Rh2 25. Ke1 Bh3 26. Kf1 Bxg2+ 27. Rxg2 Rxg2
28. Kxg2 Nf5 29. e4 dxe4 30. fxe4 Ne3+ 31. Kxg3 Nd1 32. Bb4 b6 33. a4 bxc5 34.
dxc5 Nxc5 35. Bxc5 Nxc3 36. Bxa7 Nxa4 37. Bd4 e5 38. Bf2 Ke6 39. Kf3 c5 40. Ke2
c4 41. Kd2 f5 42. exf5+ gxf5 43. Bh4 Kd5 44. Bg5 f4 45. Ke2 Nc3+ 46. Kd2 Ne4+
0-1

[Event "AUTO-OPEN-129"]
[Site "http://www.queenalice.com/game.php?id=24750"]
[Date "2005.8.19"]
[Round "1"]
[White "ayrton"]
[Black "zabarteus"]
[Result "0-1"]
[WhiteElo "1726"]
[BlackElo "1419"]

1. e4 e6 2. c3 Nc6 3. d4 d5 4. Bd3 g6 5. Qf3 Bg7 6. Ne2 e5 7. exd5 Nce7 8. Bc4
Nf6 9. dxe5 Ng4 10. e6 Ne5 11. exf7+ Nxf7 12. Bb3 O-O 13. c4 Ne5 14. Qe4 Bf5 15.
Qh4 Nd3+ 16. Kd2 Nxb2 17. Nbc3 Nd3 18. Ba3 Bf6 19. Qg3 c5 20. Bc2 Ne5 21. Qf4
Bxc2 22. Kxc2 Qa5 23. Bb2 Bg7 24. Qe4 Rxf2 25. Nd1 Qa4+ 26. Kb1 Rf5 27. g4 Rg5
28. Rg1 Rxg4 29. Rxg4 Qxd1+ 30. Bc1 Nxg4 31. Qxe7 Qd3# 0-1

[Event "Let's Play Chess!"]
[Site "http://www.queenalice.com/game.php?id=25036"]
[Date "2005.8.21"]
[Round "-"]
[White "zabarteus"]
[Black "Edgar"]
[Result "0-1"]
[WhiteElo "1495"]
[BlackElo "1392"]

1. d4 d5 2. c4 Nf6 3. Nc3 dxc4 4. e4 a6 5. Bxc4 e6 6. Bf4 Bb4 7. Ne2 O-O 8. O-O
b5 9. Bd3 Nc6 10. Qc2 Nxd4 11. Nxd4 Bb7 12. Rfe1 Qxd4 13. Re3 Ng4 14. Rf3 Bd6
15. Bxd6 Qxd6 16. g3 Ne5 17. Re3 Ng4 18. Re2 Rad8 19. Rd1 Qc5 20. Red2 Qh5 21.
f3 Ne3 22. g4 Qc5 23. Qc1 Nxd1+ 24. Kf1 Ne3+ 25. Ke2 Nc4 26. Rd1 Ne5 27. Qf4 Ng6
28. Qg3 Qb4 29. Rb1 c5 30. h4 f6 31. h5 Ne5 32. f4 Nxd3 33. f5 e5 34. g5 Nf4+
35. Kf1 Qc4+ 36. Kg1 Rd3 37. Qg4 Nh3+ 38. Kh2 Nf2 39. Qg2 Rd2 40. Kg3 Qd3+ 41.
Kh4 fxg5+ 0-1

[Event "Challenge"]
[Site "http://www.queenalice.com/game.php?id=30018"]
[Date "2005.9.23"]
[Round "-"]
[White "kamu"]
[Black "zabarteus"]
[Result "1-0"]
[WhiteElo "1651"]
[BlackElo "1437"]

1. d4 d5 2. c4 e6 3. Nc3 c6 4. Nf3 f5 5. Bf4 Bd6 6. Qd2 Nf6 7. Bxd6 Qxd6 8. e3
O-O 9. Ne5 Ne4 10. Nxe4 dxe4 11. f4 Nd7 12. c5 Qe7 13. Nxd7 Bxd7 14. Qf2 b6 15.
Rc1 b5 16. Qd2 Be8 17. Be2 a5 18. a3 Bf7 19. Kf2 Rae8 20. Qxa5 Qh4+ 21. g3 Qh3
22. Qd2 Bh5 23. Bxh5 Qxh5 24. Qe2 Qf7 25. b3 Ra8 26. Ra1 b4 27. axb4 e5 28. fxe5
Qxb3 29. Rab1 Qe6 30. b5 Ra2 31. Rb2 Rfa8 32. Rhb1 g5 33. Rxa2 Rxa2 34. Rb2 Ra1
35. Kg2 g4 36. h4 h5 37. b6 Ra8 38. b7 Rb8 39. Qa6 f4 40. Rb6 fxe3 41. Rxc6 Qf7
42. Rf6 Qe7 43. Rg6+ Kf7 44. Qf6+ Qxf6 45. Rxf6+ Ke7 46. c6 Kd8 47. Rf7 e2 48.
Kf2 Ke8 49. Rh7 1-0

[Event "Challenge"]
[Site "http://www.queenalice.com/game.php?id=30947"]
[Date "2005.9.29"]
[Round "-"]
[White "zabarteus"]
[Black "edwin"]
[Result "0-1"]
[WhiteElo "1437"]
[BlackElo "1957"]

1. d4 d5 2. c4 e6 3. Nc3 dxc4 4. e4 Bb4 5. Bd2 Nc6 6. Nge2 Bd7 7. Nf4 Nxd4 8.
Bxc4 Ne7 9. a3 Bd6 10. O-O O-O 11. a4 Nec6 12. Nb5 Nxb5 13. Bxb5 Qf6 14. Nd3 a6
15. Bc3 Qh4 16. h3 axb5 17. axb5 Na7 18. e5 Be7 19. b6 cxb6 20. Qb3 Nb5 21. Ra2
Rxa2 0-1

[Event "Challenge"]
[Site "http://www.queenalice.com/game.php?id=36640"]
[Date "2005.11.6"]
[Round "-"]
[White "zabarteus"]
[Black "edwin"]
[Result "0-1"]
[WhiteElo "1422"]
[BlackElo "2048"]

1. d4 d5 2. c4 Nf6 3. Nc3 dxc4 4. e4 e5 5. d5 c6 6. Bxc4 Bb4 7. Bd2 Bxc3 8. Bxc3
Nxe4 9. Qf3 cxd5 10. Rd1 Be6 11. Bb4 Qb6 12. Qe3 Qxb4+ 0-1

[Event "Challenge"]
[Site "http://www.queenalice.com/game.php?id=43924"]
[Date "2005.12.16"]
[Round "-"]
[White "zabarteus"]
[Black "leduar"]
[Result "0-1"]
[WhiteElo "1446"]
[BlackElo "1181"]

1. d4 d5 2. c4 e6 3. Nc3 Nf6 4. e3 c5 5. Nf3 Bd6 6. Bd3 O-O 7. Bxh7+ Nxh7 8.
cxd5 Qf6 9. O-O Ng5 10. Nxg5 Qxg5 11. g3 a6 12. Na4 Nd7 13. e4 Qg6 14. Be3 c4
15. Qc2 exd5 16. Nc3 Nf6 17. f3 Re8 18. Kh1 Bh3 19. Rg1 dxe4 20. f4 Qg4 21. Qf2
Qf3+ 22. Qxf3 exf3 23. Nd1 Bg2+ 24. Rxg2 fxg2+ 25. Kxg2 Ng4 26. Bg1 Nh6 27. Ne3
b5 28. a4 Re4 29. Rd1 Rc8 30. Kf3 Rce8 31. axb5 axb5 32. d5 f5 33. h3 g6 34. Nc2
b4 35. Bd4 Re2 36. Rc1 Rd2 37. g4 b3 38. Ne3 Rxd4 39. Nxc4 Rxf4+ 40. Kg3 Rxc4+
0-1

[Event "Join me!"]
[Site "http://www.queenalice.com/game.php?id=48538"]
[Date "2006.1.18"]
[Round "-"]
[White "zabarteus"]
[Black "THE_RANGER"]
[Result "1-0"]
[WhiteElo "1392"]
[BlackElo "1386"]

1. d4 d5 2. c4 e5 3. dxe5 d4 4. Qd3 Nc6 5. Nf3 Bb4+ 6. Bd2 Nge7 7. e4 Bxd2+ 8.
Nbxd2 Ng6 9. Nb3 Ngxe5 10. Nxe5 Nxe5 11. Qxd4 Qxd4 12. Nxd4 O-O 13. f4 Ng6 14.
g3 Rd8 15. Rd1 Bg4 16. Be2 Bxe2 17. Nxe2 Rxd1+ 18. Kxd1 Rd8+ 19. Ke1 f6 20. Kf2
Rd2 21. Rb1 Rc2 22. f5 Ne5 23. Rd1 Rxc4 24. Rd4 Rc2 25. Rb4 1-0

[Event "Again?"]
[Site "http://www.queenalice.com/game.php?id=48539"]
[Date "2006.1.18"]
[Round "-"]
[White "zabarteus"]
[Black "kamu"]
[Result "0-1"]
[WhiteElo "1411"]
[BlackElo "1731"]

1. d4 Nf6 2. c4 e6 3. Nc3 Bb4 4. Bd2 O-O 5. Nf3 b6 6. e3 Bb7 7. Bd3 d6 8. Ng5
Nbd7 9. O-O d5 10. Qc2 h6 11. Bh7+ Kh8 12. Nxf7+ Rxf7 13. Bg6 Rf8 14. h3 Qe7 15.
f4 dxc4 16. e4 c5 17. dxc5 Nxc5 18. a3 Bxc3 19. Bxc3 Bxe4 20. Bxe4 Ncxe4 21.
Rfe1 Nxc3 22. Qxc3 Qc5+ 23. Kh2 Nd5 24. Qg3 Qd6 25. Re5 Rxf4 26. Rae1 Rf6 27.
R1e4 b5 28. h4 Nc7 29. h5 Raf8 30. Rg4 Rf5 31. Re3 Rxh5+ 32. Kg1 Qxg3 33. Rexg3
Rg5 34. Rxg5 hxg5 35. Rxg5 Rf5 36. Rg3 g5 37. Rh3+ Kg7 38. Kh2 Rf2 0-1

[Event "Challenge"]
[Site "http://www.queenalice.com/game.php?id=69027"]
[Date "2006.5.13"]
[Round "-"]
[White "mad_knight"]
[Black "zabarteus"]
[Result "1-0"]
[WhiteElo "1629"]
[BlackElo "1401"]

1. e4 e6 2. d4 d5 3. Nd2 Nc6 4. c3 b5 5. Bxb5 Bb7 6. Ngf3 a6 7. Ba4 Bd6 8. O-O
Nh6 9. Re1 O-O 10. exd5 exd5 11. Ne5 Bxe5 12. dxe5 d4 13. Bxc6 1-0